00835 2200277 4500001002100000005001500021035002000036007000300056008004100059020001800100082001000118084001500128245005700143250001200200300004200212650001400254650001500268700004400283700004500327700004100372264005700413336002100470337003000491338002300521990001300544INLIS00000000003935020220121030554 a0010-0122000167ta220121 0 ind a9789798150401 a618.2 a618.2 ILM aIlmu Bedah Kebidanan /cBiran Affandi (editor ketua) aedisi 2 axii,456 halaman :bilustrasi ;c24 cm 4aKebidanan 4aObstetrics0 aBiran Affandi (editor ketua)ePengarang0 aTrijatmo Rachimhadhi (editor)ePengarang0 aGeorge Adriaansz (editor)ePengarang aJakarta :bBina Pustaka Sarwono Prawirohardjo,c2017 2rdacontentaTeks 2rdamediaaTanpa Perantara 2rdacarrieraVolume a21/00532